| 000 | 01551cam a22003734a 4500 | ||
|---|---|---|---|
| 999 |
_c7019 _d7019 |
||
| 001 | 2618166 | ||
| 003 | OSt | ||
| 005 | 20190122150512.0 | ||
| 008 | 981119s1999 nyua 001 0 eng | ||
| 010 | _a 98052981 | ||
| 020 | _a0553380419 | ||
| 040 |
_aDLC _cDLC _dDLC |
||
| 042 | _apcc | ||
| 050 | 0 | 0 |
_aRM222.2 _b.A25 1999 |
| 082 | 0 | 0 |
_a646.75 _221 _bA161D |
| 100 | 1 | _aAbravanel, Elliot D. | |
| 245 | 1 | 0 |
_aDr. Abravanel's body type diet and lifetime nutrition plan / _cElliot D. Abravanel and Elizabeth King Morrison ; illustrations by Vivien Cohen and Alan Sanborn. |
| 246 | 3 | 0 | _aDoctor Abravanel's body type diet and lifetime nutrition plan |
| 246 | 3 | 0 | _aBody type diet and lifetime nutrition plan |
| 250 | _aRev. ed. | ||
| 260 |
_aNew York : _bBantam Books, _c1999. |
||
| 300 |
_axvi, 365 p. : _bill. ; _c21 cm. |
||
| 500 | _aIncludes index. | ||
| 650 | 0 |
_aReducing diets _vRecipes. |
|
| 650 | 0 | _aReducing exercises. | |
| 650 | 0 | _aPhysiognomy. | |
| 700 | 1 | _aMorrison, Elizabeth King. | |
| 856 | 4 | 2 |
_3Contributor biographical information _uhttp://www.loc.gov/catdir/bios/random059/98052981.html |
| 856 | 4 | 1 |
_3Sample text _uhttp://www.loc.gov/catdir/samples/random051/98052981.html |
| 856 | 4 | 2 |
_3Publisher description _uhttp://www.loc.gov/catdir/description/random0413/98052981.html |
| 906 |
_a7 _bcbc _corignew _d1 _eocip _f19 _gy-gencatlg |
||
| 942 |
_2ddc _cBK |
||